Viña del Mar: Imágenes para una ciudadanía invisible
Uloženo v:
| Hlavní autoři: | , |
|---|---|
| Korporace: | , |
| Médium: | Kniha |
| Jazyk: | španělština |
| Vydáno: |
Viña del Mar
Ediciones Taller 2004
2004
|
| Vydání: | 1a. ed |
| Témata: | |
| Tagy: |
Přidat tag
Žádné tagy, Buďte první, kdo vytvoří štítek k tomuto záznamu!
|
MARC
| LEADER | 00000nam a2200000 a 4500 | ||
|---|---|---|---|
| 001 | UCJ8887 | ||
| 003 | CL-VaPUC | ||
| 008 | 070124e20040500CL |||||||||||||||||spa|d | ||
| 082 | 0 | 4 | |a 983.225 |b BRI |2 21 |
| 100 | 0 | |a Brignardello Valdivia, Andrés |e author |9 518666 | |
| 700 | 0 | |a Acevedo Olivares, José |e author |9 518667 | |
| 110 | 2 | |a Fondo Nacional de la Cultura y las Artes |e author |9 518668 | |
| 710 | 2 | |a FONDART |e author |9 518669 | |
| 245 | 1 | 0 | |a Viña del Mar: Imágenes para una ciudadanía invisible |
| 250 | |a 1a. ed | ||
| 300 | |a pág. irreg | ||
| 942 | |c BK | ||
| 945 | |d 20070124 00:00:00 |a fvergara | ||
| 260 | |a Viña del Mar |b Ediciones Taller 2004 |c 2004 | ||
| 500 | |a Proyecto de Investigación que recoge historias y memorias de barrios y vecinos de Viña del Mar | ||
| 500 | |a Fotografía ampliamente documentada | ||
| 650 | 0 | |a Historia local |9 266584 | |
| 650 | 0 | |a Barrios |9 518670 | |
| 650 | 0 | |a Juntas de vecinos |9 255758 | |
| 650 | 0 | |a Historia de Chile siglo 20 |9 268145 | |
| 650 | 0 | |a Iconografía |9 267998 | |
| 651 | 0 | |a Viña del Mar |9 327030 | |
| 583 | |a last modification |c 20160912 05:32:31 |k Rodrigo Vera | ||
| 999 | |c 324535 |d 324533 | ||
| 952 | |0 0 |1 0 |4 0 |6 983_225000000000000_BRI_2004 |7 0 |8 X |9 404786 |a FDOBUD |b FDOBUD |d 2019-11-22 |i 1071955 |o 983.225 BRI 2004 |p 1071955 |r 2019-11-22 |w 2019-11-22 |y BK_X |k BUD | ||